| 000 | 00760nam a2200277Ia 4500 | ||
|---|---|---|---|
| 008 | 160716s9999||||xx |||||||||||||| ||und|| | ||
| 040 | _cEnglish | ||
| 082 | _aXI.B/Pophale | ||
| 082 | _bBORI-47730 | ||
| 100 | _aG.L.Pophale | ||
| 245 | 2 | _aA Quarter Centuary of Direct Taxation in India | |
| 260 | _aBombay | ||
| 260 | _bEconomic Reserch and training Foundation | ||
| 300 | _axlvi+475 | ||
| 300 | _cB | ||
| 300 | _ePaperbook | ||
| 530 | _u00047730.pdf | ||
| 563 | _aStudy | ||
| 600 | _aG.L.Pophale | ||
| 630 | _aA Quarter Centuary of Direct Taxation in India | ||
| 650 | _a"Social History,Culture" | ||
| 650 | _aGeneral Indology | ||
| 700 | _aG.L.Pophale | ||
| 730 | _aA Quarter Centuary of Direct Taxation in India | ||
| 942 | _cBOOK | ||
| 999 |
_c1396165 _d1396162 |
||